Criminal law / Mark Thomas (Record no. 20720)

000 -LEADER
fixed length control field 00940nam a22001697a 4500
020 ## - INTERNATIONAL STANDARD BOOK NUMBER
ISBN 9781838166472 (ebk)
082 ## - DEWEY DECIMAL CLASSIFICATION NUMBER
Classification number 345.42
Item number T4541
100 ## - MAIN ENTRY--AUTHOR NAME
Personal name Thomas, Mark, author.
245 ## - TITLE STATEMENT
Title Criminal law / Mark Thomas
250 ## - EDITION STATEMENT
Edition statement Third edition.
260 ## - PUBLICATION, DISTRIBUTION, ETC. (IMPRINT)
Place of publication Saltford :
Name of publisher Hall and Stott Publishing Ltd,
Year of publication ©2023.
300 ## - PHYSICAL DESCRIPTION
Number of Pages 1 online resource, xxvi, 1341 pages :
Other physical details illustrations,
500 ## - GENERAL NOTE
General note Includes bibliographical references and index.
520 ## - SUMMARY, ETC.
Summary, etc Criminal Law by Mark Thomas (3rd edition, 2023) is a comprehensive textbook designed for students pursuing LLB, GDL, or MA law conversion courses. The book provides a detailed understanding of the theoretical and substantive aspects of criminal law, maintaining a practice-based approach. It aims to equip students with the knowledge and skills necessary to apply the law in various contexts and critically evaluate its implications.
650 ## - SUBJECT ADDED ENTRY--TOPICAL TERM
Topical Term Criminal law.
942 ## - ADDED ENTRY ELEMENTS (KOHA)
Koha item type Electronic Books
Holdings
Source of acquisition Permanent Location Date acquired Collection code Koha item type Lost status Shelving location Withdrawn status Current Location Full call number
DonationCagayan State University - Carig Library2025-05-24E-BooksElectronic Books E-Resource Section Cagayan State University - Carig Library345.42 T4541 2023

Cagayan State University University Library, Carig Campus
Tuguegarao City, Cagayan 3500 | www.csucarig.edu.ph

Powered by Koha